Inseln mit Anfangsbuchstabe D - Statistiken

Allgemein
  • Dieses Quiz wurde 42 mal gespielt
  • Das Durchschnittsergebnis liegt bei 3 aus 7
Antwortstatistiken
Hinweise Antwort % Korrekt
Die Flagge des karibischen Inselstaats enthält das meiste Violett aller Staatsflaggen, zur Färbung des abgebildeten Sisserou-Papageis. Dominica
95%
Für einen Strandurlaub in Tunesien eignet sich diese Insel sehr gut. Inklusive Piratenschiff-Ausflug zur Flamingoinsel. Djerba
70%
Die Nebeninsel Helgolands (bis 1721 noch mit dieser verbunden) hat mehr Badestrände als Einwohner. Düne
43%
Einen Tanzschuppen findet man auf der größten Nebeninsel Grönlands nicht. Dafür eine äußerst reichhaltige Tundra-Vegetation. Diskoinsel
38%
Unter der Brücke zwischen Stralsund und Rügen liegt diese Insel mit 123 Einwohnern und dem Nautileum. Dänholm
16%
Das Apollonheiligtum der alten Griechen macht die ganze Insel zum Museum. Tatsächlich sind die einzigen Einwohner die Familien der Museumsaufseher. Delos
14%
Größte Insel mit "D" und sechstgrößte Kanadas. Hier wird das (Über)Leben auf dem Mars wissenschaftlich erprobt. Devon
11%
Keine übereinstimmenden Quizze gefunden
Verteilung der Resultate
Anzahl Personen mit jedem Resultat
Perzentil nach korrekt beantworteten Fragen
Ihre Resultats-Entwicklung
Sie haben dieses Quiz noch nicht gespielt